Tabla Histórica de la Copa Mundial de la FIFA - Estadísticas

Estadísticas generales
  • Esta prueba ha sido intentada 497 veces
  • La puntuación promedio es 9 de 10
Estadísticas de respuestas
Puntos Equipo % Correcto
247 Brasil
100%
225 Alemania / Alemania occidental
99%
158 Argentina
99%
110 España
97%
131 Francia
97%
156 Italia
97%
118 Inglaterra
93%
88 Uruguay
91%
104 Países Bajos
87%
73 Bélgica
70%
No se encontraron pruebas coincidentes
Distribución de puntuación
Porcentaje de gente con cada puntuación
Porcentaje por número respondido
Historial de tus puntuaciones
No has intentado esta prueba.